Equipos de fútbol españoles con el titulo de Real - Estadísticas

Estadísticas generales
  • Esta prueba ha sido intentada 117 veces
    76 desde el último reinicio
  • La puntuación promedio es 13 de 26
Estadísticas de respuestas
% Correcto
Real Madrid Club de Fútbol
98%
Real Betis Balompié
89%
Real Sociedad de Fútbol
84%
Real Oviedo
81%
Real Club Deportivo Espanyol de Barcelona
78%
Real Zaragoza
78%
Real Valladolid Club de Fútbol
73%
Real Club Deportivo Mallorca
67%
Real Murcia Club de Fútbol
67%
Real Club Deportivo de La Coruña
65%
Real Unión Club de Irún
63%
Real Sporting de Gijon
62%
Real Club Celta de Vigo
60%
Real Racing Club de Santander
52%
Real Avilés Industrial Club de Fútbol
40%
Real Jaén Club de Fútbol
38%
Real Burgos Club de Fútbol
37%
Real Sociedad Gimnástica Torrelavega
37%
Real Ávila Club de Fútbol
30%
Real Club Recreativo de Huelva
30%
Real Unión de Tenerife
22%
Real Sociedad Deportiva Alcalá
16%
Real Balompédica Linense
11%
Real Titánico de Laviana
10%
Real Club Deportivo Carabanchel
5%
Real Club Deportivo Gara
3%
No se encontraron pruebas coincidentes
Distribución de puntuación
Porcentaje de gente con cada puntuación
Porcentaje por número respondido
Historial de tus puntuaciones
No has intentado esta prueba desde el último reinicio